|
|
|
|
| LEADER |
00000cab a2200000 a 4500 |
| 001 |
vtls010658719 |
| 003 |
SK-MaSNL |
| 005 |
20260426101326.0 |
| 008 |
150305c2014 xo wr p 000 a0slo |
| 015 |
|
|
|a SNBRB2015/03
|
| 038 |
|
|
|a SVKPOCL
|
| 040 |
|
|
|a SVKPOCL
|b slo
|c SVKPOCL
|d SVKPOCL
|e AACR2
|
| 041 |
0 |
|
|a slo
|
| 044 |
|
|
|a xo
|c SK
|
| 080 |
|
|
|a 80(=16)+908(4)
|2 2001
|
| 080 |
|
|
|a 81'1
|2 2001
|
| 080 |
|
|
|a 811.162.4
|2 2001
|
| 080 |
|
|
|a 81'282
|2 2001
|
| 080 |
|
|
|a 316.346.32-053.8
|2 2001
|
| 080 |
|
|
|a 316.772.2
|2 2001
|
| 080 |
|
|
|a 81'367.623
|2 2001
|
| 080 |
|
|
|a (437.6-11)
|2 2001
|
| 080 |
|
|
|a (048.8)
|2 2001
|
| 100 |
1 |
|
|a Bodnárová, Martina,
|d 1985-
|4 aut
|9 187624
|
| 245 |
1 |
0 |
|a Adjektíva v neinštitucionálnej dialogickej komunikácii dospelých na východnom Slovensku
|c Martina Bodnárová
|
| 300 |
|
|
|b Fotogr.
|
| 500 |
|
|
|a Časopis vychádza aj [online] http://www.juls.savba.sk/ediela/sr/ - ISSN 1338-4279
|
| 500 |
|
|
|a Štúdia obsahuje abstrakt a kľúčové slová v angličtine
|
| 500 |
|
|
|a V rubrike Štúdie a články
|
| 504 |
|
|
|a Bibliogr. odkazy
|
| 650 |
0 |
7 |
|a lingvistika
|2 svkpocl
|9 860
|
| 650 |
0 |
7 |
|a slovenčina
|2 svkpocl
|9 1350
|
| 650 |
0 |
7 |
|a slovenské dialekty
|2 svkpocl
|9 14589
|
| 650 |
0 |
7 |
|a dospelí
|2 svkpocl
|9 4893
|
| 650 |
0 |
7 |
|a slavistika
|2 svkpocl
|9 4282
|
| 650 |
0 |
7 |
|a prídavné mená
|2 svkpocl
|9 1324
|
| 650 |
0 |
7 |
|a verbálna komunikácia
|2 svkpocl
|9 1561
|
| 651 |
|
7 |
|a Slovensko východné
|2 svkpocl
|9 161134
|
| 655 |
|
7 |
|a štúdie
|2 svkpocl
|9 57033
|
| 655 |
|
7 |
|a články z novín a časopisov
|2 svkpocl
|9 267496
|
| 773 |
0 |
|
|t Slovenská reč
|g Roč. 79, č. 5-6 (2014), s. 304-319
|x 0037-6981
|
| 852 |
|
|
|a SVKPO
|b KIS3GCP
|
| 856 |
4 |
1 |
|u http://www.juls.savba.sk/ediela/sr/
|
| 958 |
|
|
|a SK
|
| 958 |
|
|
|a SS
|
| 958 |
|
|
|a NB
|
| 999 |
|
|
|c 3225949
|d 3227879
|